MARC

LEADER 00000nam0a2200000 4500
001 196258
005 20231031183026.0
035 |a (RuTPU)RU\TPU\book\214104 
090 |a 196258 
100 |a 20110520d1936 km y0rusy50 ca 
101 0 |a rus 
102 |a RU 
105 |a a z 001zy 
200 1 |a Динамические испытания металлов 
205 |a 2-е изд., перераб. 
210 |a Москва  |c Изд-во литературы по черной и цветной металлургии  |d 1936  |a Ленинград 
215 |a 395 с.  |c ил. 
320 |a Библиогр.: с. 381-387. 
320 |a Именной указатель: с. 388-391. 
610 1 |a металловедение 
610 1 |a металлы 
610 1 |a динамические испытания 
610 1 |a удар 
610 1 |a изгиб 
610 1 |a растяжение 
610 1 |a твердость 
610 1 |a усталостная прочность 
610 1 |a износ 
675 |a 669:620.1  |v 3 
700 1 |a Давиденков  |b Н. Н. 
801 1 |a RU  |b 63413507  |c 20110520 
801 2 |a RU  |b 63413507  |c 20110912  |g RCR 
942 |c BK